00731nam a2200229 a 4500001001000000005001700010008004100027050002100068100003400089245003200123260004200155300002400197500003500221500000900256504003100265650002800296650002900324902000800353942001100361999001500372952011400387BRCA_275320190320203944.0051208s1962----enka---###---#000-0#eng-u 4aNE850b.H39 19621 aHayter, Stanley William9775310aAbout printscS. W. Hayter. aLondonbOxford University Pressc1962 a176 p.bil.c25 cm. aIncluye índice alfabético. aAA74 aBibliografía: p. 169-17014aGrabadoxHistoria9159114aGrabadoxTécnica91661 aGFM 2lcccB c2493d2493 00104070aBRCAbBRCAd2008-12-05iAA74l0oNE850 .H39 1962 (AA74)p2750r2019-03-22 00:00:00w2019-03-22yB